Statystyki dla Letni rekordziści skoczni w skokach narciarskich

Kliknij tutaj aby rozwiązać quiz!

Ogólne statystyki

  • Ten quiz został rozwiązany 21 razy
  • Średni wynik to 12 z 29

Statystyki odpowiedzi

skocznia (rozmiar)rekordkraj rekordzistyzawodnik% Poprawnych
Innsbruck (HS 128)136 mPolskaAdam Małysz
74%
Bischofshofen (HS 142)140,5 mCzechyJakub Janda
74%
Oberhof (HS 140)140 mPolskaKamil Stoch
74%
Zakopane (HS 140)145 mJaponiaYukiya Satō
68%
Courchevel (HS 135)137 mPolskaKamil Stoch
63%
Predazzo (HS 135)134 mPolskaAdam Małysz
58%
Hakuba (HS 131)136 mSzwajcariaSimon Ammann
58%
Kranj (HS 109)107 mCzechyRoman Koudelka
53%
Rasnov (HS 98)101,5 mRosjaEvgeni Klimov
47%
Czajkowski (HS 140)146 mRosjaEvgeni Klimov
47%
Pragelato (HS 140)143,5 mAustriaGregor Schlierenzauer
47%
Einsiedeln (HS 117)121 mAustriaGregor Schlierenzauer
47%
Hinzenbach (HS 90)96 mAustriaGregor Schlierenzauer
47%
Szczyrk (HS 104)106 mPolskaMaciej Kot
47%
Klingenthal (HS 140)148 mNorwegiaMarius Lindvik
47%
Hinterzarten (HS 108)112,5 mJaponiaNoriaki Kasai
47%
Wisła (HS 134)137,5 mNorwegiaAnders Fannemel
42%
Kuopio (HS 127)125 mJaponiaNoriaki Kasai
42%
Liberec (HS 136)135,5 mAustriaGregor Schlierenzauer
37%
Kuopio (HS 100)102,5 mJaponiaKazuyoshi Funaki
37%
Villach (HS 98)99,5 mFinlandiaMatti Hautamäki
37%
Czajkowski (HS 102)109,5 mSłoweniaAnze Lanisek
32%
Ałmaty (HS 140)139,5 mSłoweniaJernej Damjan
32%
Trondheim (HS 138)132,5 mJaponiaKazuyoshi Funaki
26%
Courchevel (HS 96)97,5 mNiemcyAndreas Wank
21%
Lahti (HS 130)130 mAustriaAndreas Widhölzl
16%
Niżny Tagił (HS 134)133 mRosjaDimitry Vassiliev
16%
Stams (HS 115)116 mAustriaMartin Höllwarth
11%
Samokow (K 39)42 mBułgariaPetar Fartunov
0%

Rozkład punktacji

Percentyl według liczby udzielonych odpowiedzi

Procent ludzi z każdym wynikiem

Twoja historia wyników

Nie rozwiązałeś tego quizu